Principles of corporate finance. (9th ed.) (Record no. 54537)

MARC details
000 -LEADER
fixed length control field 00723nam a2200193 a 4500
008 - FIXED-LENGTH DATA ELEMENTS--GENERAL INFORMATION
fixed length control field 160721s2008 ||||||||||||||||| || u
020 ## - INTERNATIONAL STANDARD BOOK NUMBER
International Standard Book Number 9780071266758
050 ## - LIBRARY OF CONGRESS CALL NUMBER
Classification number HG 4026 Bre
100 ## - MAIN ENTRY--PERSONAL NAME
Personal name Myers, Stewart C
245 10 - TITLE STATEMENT
Title Principles of corporate finance. (9th ed.)
Statement of responsibility, etc. By Richard A. Brealey: Stewart C. Myers: Franklin Allen
250 ## - EDITION STATEMENT
Edition statement 9th ed.
260 ## - PUBLICATION, DISTRIBUTION, ETC.
Place of publication, distribution, etc. Boston
Name of publisher, distributor, etc. McGraw-Hill
Date of publication, distribution, etc. 2008
300 ## - PHYSICAL DESCRIPTION
Extent xxvii, various pagings.: ill
350 ## - PRICE (NR) (BK AM CF MU VM SE) [OBSOLETE]
Price 121.00
650 ## - SUBJECT ADDED ENTRY--TOPICAL TERM
Topical term or geographic name entry element CORPORATIONS--FINANCE
700 ## - ADDED ENTRY--PERSONAL NAME
Personal name Allen, Franklin
700 ## - ADDED ENTRY--PERSONAL NAME
Personal name Brealey, Richard A
995 ## - RECOMMENDATION 995 [LOCAL, UNIMARC FRANCE]
-- CBU-MAIN LIBRARY (Kitwe)
-- 121.00
-- 1
-- AVAILABLE
-- Aug 16, 2016
-- Main Library Open Access Collection
Holdings
Withdrawn status Lost status Source of classification or shelving scheme Damaged status Not for loan Home library Current library Shelving location Date acquired Total Checkouts Full call number Barcode Date last seen Date last checked out Price effective from Koha item type
          CBU-MAIN LIBRARY, KITWE. CBU-MAIN LIBRARY, KITWE.   11/30/2022 1 HG 4026 Bre 746323 04/16/2025 04/02/2025 11/30/2022 MONOGRAPH